Convención sobre los derechos de las personas con discapacidad. Protocolo facultativo.

Guardado en:
Detalles Bibliográficos
Autor principal: Cosme, Arturo ed, (autor)
Formato: Libro
Idioma:Español
Temas:
Etiquetas: Agrega una etiqueta
Sin etiquetas, Sé el primero en etiquetar este registro!

MARC

LEADER 00000nam^a2200000^u^4500
001 000531758
005 20250521000000.0
008 141031s10001000^^^^cr^^r^^^^^000^0^spa^d
009 20260310130859.211
035 |a FCE 000076006 
037 |a Acervo ITESO - Biblioteca 
041 |a spa 
082 0 4 |a 371.904  |b COSc 
100 |a Cosme, Arturo,  |e ed  |e (autor) 
245 1 0 |a Convención sobre los derechos de las personas con discapacidad. Protocolo facultativo. 
264 |a México :  |b Consejo Nacional para Prevenir la Discriminación,  |c 2013. 
300 |a 47 p. 
336 |a texto  |b txt  |2 rdacontenido 
337 |a sin mediación  |b n  |2 rdamedio 
338 |a volumen  |b nc  |2 rdasoporte 
610 |a ONU 
649 |a XX 
650 |a Derechos humanos 
650 |a Igualdad de oportunidades 
650 |a Discapacidad 
650 |a Personas con discapacidad 
910 |a Fondo Centro de Estudios Educativos 
920 |a Impresos - Libros 
930 |a Fondos Especiales 
905 |a 133 
901 |a ALE073258  |b IT2  |c CEE  |u 20250521 
902 |a https://opac.biblio.iteso.mx/vufind/Record/000531758